Too fat? too thin?: (Record no. 33136)

MARC details
000 -LEADER
fixed length control field 03161nam a22003735a 4500
005 - DATE AND TIME OF LATEST TRANSACTION
control field 2009121708588.0
008 - FIXED-LENGTH DATA ELEMENTS--GENERAL INFORMATION
fixed length control field 091120t20092006paua j 001 0 eng
010 ## - LCCN (DPL NO)
LC control number B-389896-907
020 ## - INTERNATIONAL STANDARD BOOK NUMBER
International Standard Book Number 9781846969577
Terms of availability 325.00
035 ## - SYSTEM CONTROL NUMBER
System control number B-389896-907
037 ## - SOURCE OF ACQUISITION
Source of stock number/acquisition Scholatic
040 ## - CATALOGING SOURCE
Original cataloging agency dpl
Language of cataloging English
082 ## - DEWEY DECIMAL CLASSIFICATION NUMBER
Classification number 613.2
100 ## - MAIN ENTRY--PERSONAL NAME
Personal name Sayer, Melissa
245 ## - TITLE STATEMENT
Title Too fat? too thin?:
Statement of responsibility, etc by Melissa Sayer
Remainder of title the healthy eating handbook /
260 ## - PUBLICATION, DISTRIBUTION, ETC. (IMPRINT)
Place of publication, distribution, etc Kent
Name of publisher, distributor, etc Ticktock Media
Date of publication, distribution, etc 2009
270 ## - ADDRESS
City Kent
Address The Old Sawmill, 103 Goods Station Road, Tunbridge Wells,
300 ## - PHYSICAL DESCRIPTION
Extent 48p.:
Other physical details col. ill.
Dimensions 24cm(pbk )
500 ## - GENERAL NOTE
General note Includes glossary and index
942 ## - ADDED ENTRY ELEMENTS (KOHA)
Source of classification or shelving scheme Dewey Decimal Classification
Item type Children Books
Call number suffix SAY
Classification part 613.2
Holdings
Withdrawn status Lost status Source of classification or shelving scheme Damaged status Not for loan Collection code Home library Current library Date acquired Source of acquisition Cost, normal purchase price Total Checkouts Full call number Barcode Date last seen Copy number Cost, replacement price Koha item type
    Dewey Decimal Classification     Non-fiction Andrews Gunj Andrews Gunj 28/06/2010 Scholastic/TR-B-02585HQ/29.3.10/169/27.1.10/29.3.10 325.00   613.2 SAY B-389901 28/06/2010 1 325.00 English Books
    Dewey Decimal Classification     Non-fiction Bawana Bawana 28/06/2010 Scholastic/TR-B-02585HQ/29.3.10/169/27.1.10/29.3.10 325.00   613.2 SAY B-389906 28/06/2010 1 325.00 English Books
    Dewey Decimal Classification     Non-fiction Central Library Central Library 28/06/2010 Scholastic/TR-B-02585HQ/29.3.10/169/27.1.10/29.3.10 325.00   613.2 SAY B-389896 28/06/2010 1 325.00 English Books
    Dewey Decimal Classification     Non-fiction Janak Puri Janak Puri 28/06/2010 Scholastic/TR-B-02585HQ/29.3.10/169/27.1.10/29.3.10 325.00 15 613.2 SAY B-389898 28/06/2018 1 325.00 English Books
    Dewey Decimal Classification     Non-fiction Karol Bagh Karol Bagh 28/06/2010 Scholastic/TR-B-02585HQ/29.3.10/169/27.1.10/29.3.10 325.00   613.2 SAY B-389904 28/06/2010 1 325.00 English Books
    Dewey Decimal Classification     Non-fiction Narela Narela 28/06/2010 Scholastic/TR-B-02585HQ/29.3.10/169/27.1.10/29.3.10 325.00   613.2 SAY B-389905 28/06/2010 1 325.00 English Books
    Dewey Decimal Classification     Non-fiction Patel Nagar Patel Nagar 28/06/2010 Scholastic/TR-B-02585HQ/29.3.10/169/27.1.10/29.3.10 325.00   613.2 SAY B-389897 28/06/2010 1 325.00 English Books
    Dewey Decimal Classification     Non-fiction R.K.Puram-8 R.K.Puram-8 28/06/2010 Scholastic/TR-B-02585HQ/29.3.10/169/27.1.10/29.3.10 325.00   613.2 SAY B-389900 28/06/2010 1 325.00 English Books
    Dewey Decimal Classification     Non-fiction Sarojini Nagar Sarojini Nagar 28/06/2010 Scholastic/TR-B-02585HQ/29.3.10/169/27.1.10/29.3.10 325.00   613.2 SAY B-389899 28/06/2010 1 325.00 English Books
    Dewey Decimal Classification     Non-fiction Shahdara Branch Shahdara Branch 28/06/2010 Scholastic/TR-B-02585HQ/29.3.10/169/27.1.10/29.3.10 325.00   613.2 SAY B-389907 28/06/2010 1 325.00 English Books
Written off Written-off vide DLB M. No. 388 dt 23.02.22 Dewey Decimal Classification     Non-fiction Sriniwas Puri Sriniwas Puri 28/06/2010 Scholastic/TR-B-02585HQ/29.3.10/169/27.1.10/29.3.10 325.00   613.2 SAY B-389902 28/06/2010 1 325.00 English Books
    Dewey Decimal Classification     Non-fiction Vinoba Puri Vinoba Puri 28/06/2010 Scholastic/TR-B-02585HQ/29.3.10/169/27.1.10/29.3.10 325.00 5 613.2 SAY B-389903 11/05/2017 1 325.00 English Books

© Delhi Public Library
Hit Counter
free hit counter